Destinazioni Aeroporto di Roma Fiumicino (FCO) - Statistics

Statistiche generali
  • Questo quiz è stato fatto 354 volte
  • Il punteggio medio è 66 su 119
Statistiche sulle risposte
Hint Risposta % Corretto
Palermo
90%
Spagna Madrid
89%
Portogallo Lisbona
88%
Torino
87%
Austria Vienna
87%
Barcellona
86%
Catania
85%
Venezia
85%
Bari
83%
Italia Milano Linate
80%
Norvegia Oslo
80%
Germania Berlino
79%
Irlanda Dublino
79%
Milano Malpensa
79%
New York
79%
Cagliari
78%
Russia Mosca
78%
Paesi Bassi Amsterdam
77%
Ungheria Budapest
77%
Grecia Atene
76%
Belgio Bruxelles
76%
Lussemburgo Lussemburgo
76%
Napoli
76%
Zurigo
76%
Svezia Stoccolma
75%
Bologna
74%
Argentina Buenos Aires
74%
Finlandia Helsinki
74%
Polonia Varsavia
74%
Los Angeles
73%
Monaco
72%
Repubblica Ceca Praga
72%
Albania Tirana
72%
Firenze
70%
Turchia Istanbul
70%
Manchester
70%
Rio de Janeiro
70%
San Pietroburgo
70%
Bulgaria Sofia
70%
Danimarca Copenaghen
69%
Giappone Tokyo
69%
Lettonia Riga
68%
Messico Città del Messico
66%
Dubai
66%
Verona
66%
Cina Pechino
65%
Francoforte
64%
Genova
64%
Bielorussia Minsk
64%
Lione
63%
Siviglia
63%
Serbia Belgrado
62%
Svizzera Ginevra
62%
Cuba l'Avana
62%
Marsiglia
62%
Lituania Vilnius
62%
Cile Santiago del Cile
61%
Canada Toronto
61%
Trieste
61%
Tunisia Tunisi
61%
Brasile San Paolo
59%
Corea del Sud Seul
59%
Miami
58%
Nizza
58%
Israele Tel Aviv
58%
Singapore Singapore
57%
Amburgo
56%
Egitto Il Cairo
56%
Algeria Algeri
55%
Chicago
55%
Brindisi
54%
Tailandia Bangkok
53%
Emirati Arabi Uniti Abu Dhabi
52%
Marocco Casablanca
52%
Liverpool
52%
USA Washington D.C.
52%
Moldavia Chisinau
51%
Francia Parigi Charles de Gaulle
51%
Olbia
50%
Montenegro Podgorica
49%
Qatar Doha
48%
Pisa
46%
Taiwan Taipei
43%
Etiopia Addis Abeba
42%
Boston
42%
Colonia
42%
Stoccarda
42%
Palma di Maiorca
41%
Lamezia Terme
40%
Malaga
40%
India Delhi
39%
Dusseldorf
39%
Glasgow
39%
Montreal
39%
UK Londra Heathrow
38%
Shangai
38%
Atlanta
36%
Dallas
36%
Sudafrica Johannesburg
36%
Parigi Orly
36%
Birmingham
33%
Malta Valletta
33%
Londra Gatwick
31%
Alghero
29%
Tolosa
29%
Tenerife
26%
Goteborg
25%
Alicante
22%
Londra Luton
20%
Iran Tehran
19%
Leeds
17%
Newcastle
16%
Arabia Saudita Riyadh
14%
Bristol
13%
Filadelfia
12%
Fes
4%
Santiago de Compostela
4%
Kiev Boryspil
1%
Ucraina Kiev Zuljany
0%
Nessun quiz corrispondente trovato
Distribuzione punteggi
Percentuale di utenti per punteggio
Percentile per numero di risposta
I tuoi punteggi nel tempo
Non hai fatto questo quiz